02046agaaa2200337 45000010005000000030009000050050017000140070009000310080040000400400023000800410013001031000056001161300020001722450174001922500022003662600113003883000034005015080210005355110088007455200241008335380016010745460013010906500063011037000074011667000064012407000068013047000068013729420012014409990019014529520237014716212IT-RoPAU20220918181239.0d cvaizq50131s9999||||xx ||| | || ||und|| aIT-RoPAUcIT-RoPAU aITALIANO aPontecorvo GillogCodice regista SPICS: 2421940779 aQUEIMADA944728 aQUEIMADAcProdotto da: Grimaldi Alberto -- Sceneggiatura: Solinas Franco Arlorio Giorgio -- Diretto da: Pontecorvo GillopQUEIMADA (Rif. Codice opera principale : 26212) aEdizione Standard a(ITALIA)bPRODUZIONI EUROPEE ASSOCIATE / Distribuzione: RAIg"1969 (1° ed.: 1984 ; Ed. Lingua Orig.: 1969)" aVHSbsonoro, col.c129 minuti a"Fotografia: Ruzzolini G. Gatti M; Montaggio: Morra Mario; Musica: Morricone Ennio; Sceneggiatura: Solinas Franco Arlorio Giorgio; Scenografia: Canevari Sergio; Soggetto: Solinas Franco -- Arlorio Giorgio" a"Brando Marlon; Marquez Evaristo; Salvatori Renato; Ghia Dana; Albertini Giampiero" aQUEIMADA ISOLA DEI CARAIBI RIVOLTA CONTRO I PORTOGHESI NEGRI CHE CONQUISTANO L'INDIPENDENZA MA CHE RIFIUTANO OGNI FORMA DI COLONIALISMO BATTAGLIA SANGUINOSA CONTRO I RIBELLI NEGRI INIZIO DEL COLONIALISMO INGLESE FILM DRAMMATICO A COLORI aPAL, STEREO aITALIANO aDRAMMATICOeFILMS [VHS]xCodice MATERIA SPICS: 9960934083 aArlorio Giorgio e(soggetto)gCodice Soggetto 2° SPICS: 30956944729 aMorricone Ennioe(musica)gCodice Musica SPICS: 3535944730 aPontecorvo Gillo e(regista)gCodice regista SPICS: 2421940779 aSolinas Franco e(soggetto)gCodice Soggetto SPICS: 1140944731 cVH2ddc c106035d106035 001040626212_00000000000000071aSPICSbSPICSd2015-01-31l0o26212r2015-01-31 00:00:00w2015-01-31yVHzProgr. Ins.: 1628 / N.Vol.:1 / Copie: 1 / Pag.: / Copia rara: NO / date import: 1.2.2015 / By Epidotti, Trombetti, Vaglietti